| 000 | 00866cab a2200217 4500 | ||
|---|---|---|---|
| 001 | WB3439-23 | ||
| 008 | 090401t1998 xxu||||| |||| 00| 0 eng d | ||
| 035 | _a(Sirsi) u89047 | ||
| 041 | _aeng | ||
| 245 | _aIT initiative key to performance | ||
| 260 | _c1998 | ||
| 350 | _a0 | ||
| 490 |
_aContract Journal _v395(6197) 14 October 1998, 31(1) |
||
| 520 | _aInformation technology will be the key to the government initiative to improve the performance of the construction industry. The Construction Minister plans to set up a programme for senior management, including a helpline and a series of workshops. | ||
| 650 | _aCONSTRUCTION INDUSTRY COMPUTING ASSOCIATION | ||
| 650 | _aCONSTRUCTION MINISTER | ||
| 650 | _aINFORMATION TECHNOLOGY INITIATIVES | ||
| 690 | _aMANAGEMENT-BUSINESS MANAGEMENT-INFORMATION MANAGEMENT | ||
| 942 | _n0 | ||
| 948 | _c16/10/1998 | ||
| 999 |
_c56315 _d56315 |
||